<?xml version="1.0" encoding="UTF-8"?>
<collection xmlns="http://www.loc.gov/MARC21/slim">
 <record>
  <leader>02892am aa2000553a 44500</leader>
  <controlfield tag="001">1/52350</controlfield>
  <controlfield tag="008"> 130430s1963    cau     ob    001 0 eng </controlfield>
  <datafield tag="010" ind1=" " ind2=" ">
   <subfield code="a"> 63020356 </subfield>
  </datafield>
  <datafield tag="016" ind1=" " ind2=" ">
   <subfield code="a">CAT11000144</subfield>
   <subfield code="2">DNAL</subfield>
  </datafield>
  <datafield tag="020" ind1=" " ind2=" ">
   <subfield code="a">0520004582</subfield>
  </datafield>
  <datafield tag="020" ind1=" " ind2=" ">
   <subfield code="a">9780520004580</subfield>
  </datafield>
  <datafield tag="020" ind1=" " ind2=" ">
   <subfield code="z">0520004590</subfield>
  </datafield>
  <datafield tag="020" ind1=" " ind2=" ">
   <subfield code="z">9780520004597</subfield>
  </datafield>
  <datafield tag="035" ind1=" " ind2=" ">
   <subfield code="a">(EXLNZ-01ALLIANCE_NETWORK)99315201830001451</subfield>
  </datafield>
  <datafield tag="035" ind1=" " ind2=" ">
   <subfield code="a">(OCoLC)849669933</subfield>
   <subfield code="z">(OCoLC)1024166926</subfield>
   <subfield code="z">(OCoLC)1058613144</subfield>
  </datafield>
  <datafield tag="035" ind1=" " ind2=" ">
   <subfield code="a">(OCoLC)ocn849669933</subfield>
  </datafield>
  <datafield tag="040" ind1=" " ind2=" ">
   <subfield code="a">ALSTP</subfield>
   <subfield code="b">eng</subfield>
   <subfield code="e">pn</subfield>
   <subfield code="c">ALSTP</subfield>
   <subfield code="d">OCLCO</subfield>
   <subfield code="d">OCLCQ</subfield>
   <subfield code="d">OCLCF</subfield>
   <subfield code="d">OCLCO</subfield>
   <subfield code="d">OCLCQ</subfield>
   <subfield code="d">CRL</subfield>
   <subfield code="d">OCLCQ</subfield>
   <subfield code="d">INARC</subfield>
   <subfield code="d">OCLCQ</subfield>
   <subfield code="d">OCLCA</subfield>
   <subfield code="d">ICO</subfield>
   <subfield code="d">CEF</subfield>
   <subfield code="d">WYU</subfield>
   <subfield code="d">YOU</subfield>
   <subfield code="d">TKN</subfield>
   <subfield code="d">AU@</subfield>
   <subfield code="d">YDX</subfield>
  </datafield>
  <datafield tag="043" ind1=" " ind2=" ">
   <subfield code="a">a-io---</subfield>
  </datafield>
  <datafield tag="050" ind1=" " ind2=" ">
   <subfield code="a">HC447</subfield>
   <subfield code="b">.G4</subfield>
  </datafield>
  <datafield tag="070" ind1=" " ind2=" ">
   <subfield code="a">HC447.G4</subfield>
  </datafield>
  <datafield tag="072" ind1=" " ind2=" ">
   <subfield code="a">B500</subfield>
  </datafield>
  <datafield tag="072" ind1=" " ind2=" ">
   <subfield code="a">E100</subfield>
  </datafield>
  <datafield tag="072" ind1=" " ind2=" ">
   <subfield code="a">E130</subfield>
  </datafield>
  <datafield tag="082" ind1=" " ind2=" ">
   <subfield code="a">338.109598 GEE</subfield>
  </datafield>
  <datafield tag="084" ind1=" " ind2=" ">
   <subfield code="a">43.70</subfield>
   <subfield code="2">bcl</subfield>
  </datafield>
  <datafield tag="084" ind1=" " ind2=" ">
   <subfield code="a">48.00</subfield>
   <subfield code="2">bcl</subfield>
  </datafield>
  <datafield tag="084" ind1=" " ind2=" ">
   <subfield code="a">83.66</subfield>
   <subfield code="2">bcl</subfield>
  </datafield>
  <datafield tag="100" ind1="1" ind2=" ">
   <subfield code="a">Geertz, Clifford,</subfield>
   <subfield code="e">author.</subfield>
  </datafield>
  <datafield tag="245" ind1="1" ind2="0">
   <subfield code="a">Agricultural involution :</subfield>
   <subfield code="b">the process of ecological change in Indonesia /</subfield>
   <subfield code="c">Clifford Geertz.</subfield>
  </datafield>
  <datafield tag="260" ind1=" " ind2=" ">
   <subfield code="a">Berkeley :</subfield>
   <subfield code="b">Published for the Association of Asian Studies by University of California Press,</subfield>
   <subfield code="c">1963.</subfield>
  </datafield>
  <datafield tag="300" ind1=" " ind2=" ">
   <subfield code="a">1 online resource (xx, 176 pages) ;</subfield>
   <subfield code="c">22 εκ.</subfield>
  </datafield>
  <datafield tag="490" ind1=" " ind2=" ">
   <subfield code="a">Monographs and papers / Association of Asian Studies ;</subfield>
  </datafield>
  <datafield tag="504" ind1=" " ind2=" ">
   <subfield code="a">Περιέχει βιβλιογραφία και ευρετήριο.</subfield>
  </datafield>
  <datafield tag="505" ind1=" " ind2=" ">
   <subfield code="a">I: Starting points, theoretical and factual -- The ecological approach in anthropology -- The limitation of traditional approaches -- Cultural ecology -- Two types of ecosystem -- Inner vs. outer Indonesia -- Swidden -- Sawah -- II: The crystallization of the pattern -- The classical period -- The colonial period: foundations -- The company -- The culture system -- The colonial period: Florescence -- The corporate plantation system -- The development of outer Indonesia -- III: The outcome -- Comparisons and prospects -- The present situation -- Java and Japan -- The outline of the future.</subfield>
  </datafield>
  <datafield tag="546" ind1=" " ind2=" ">
   <subfield code="a">This edition in English.</subfield>
  </datafield>
  <datafield tag="650" ind1=" " ind2="0">
   <subfield code="a">Agriculture</subfield>
   <subfield code="x">Economic aspects</subfield>
   <subfield code="z">Indonesia.</subfield>
  </datafield>
  <datafield tag="650" ind1=" " ind2="0">
   <subfield code="a">Agriculture</subfield>
   <subfield code="x">Aspect economique</subfield>
   <subfield code="z">Indonesie.</subfield>
  </datafield>
  <datafield tag="650" ind1=" " ind2="0">
   <subfield code="a">Agriculture</subfield>
   <subfield code="x">Economic aspects</subfield>
   <subfield code="2">fast</subfield>
  </datafield>
  <datafield tag="650" ind1=" " ind2="0">
   <subfield code="a">Economic history</subfield>
   <subfield code="2">fast</subfield>
  </datafield>
  <datafield tag="650" ind1=" " ind2="0">
   <subfield code="a">Ecologie</subfield>
   <subfield code="2">gtt</subfield>
  </datafield>
  <datafield tag="651" ind1=" " ind2="0">
   <subfield code="a">Indonesia</subfield>
   <subfield code="x">Economic conditions.</subfield>
  </datafield>
  <datafield tag="651" ind1=" " ind2="0">
   <subfield code="a">Indonesie</subfield>
   <subfield code="x">Conditions economiques.</subfield>
  </datafield>
  <datafield tag="650" ind1=" " ind2="4">
   <subfield code="a">Γεωργία</subfield>
   <subfield code="x">Οικονομικές απόψεις</subfield>
   <subfield code="z">Ινδονησία.</subfield>
  </datafield>
  <datafield tag="651" ind1=" " ind2="0">
   <subfield code="a">Indonesia</subfield>
   <subfield code="2">fast</subfield>
  </datafield>
  <datafield tag="776" ind1=" " ind2=" ">
   <subfield code="i">Print version:</subfield>
   <subfield code="a">Geertz, Clifford.</subfield>
   <subfield code="t">Agricultural involution.</subfield>
   <subfield code="d">Berkeley, Calif. : Published for the Association of Asian Studies by University of California Press, 1963</subfield>
   <subfield code="z">0520004590</subfield>
   <subfield code="w">(DLC) 63020356</subfield>
   <subfield code="w">(OCoLC)1905899</subfield>
  </datafield>
  <datafield tag="830" ind1=" " ind2=" ">
   <subfield code="a">Monographs and papers (Association for Asian Studies)</subfield>
   <subfield code="v">11.</subfield>
  </datafield>
  <datafield tag="852" ind1=" " ind2=" ">
   <subfield code="a">INST</subfield>
   <subfield code="b">UNIPILB</subfield>
   <subfield code="c">MAIN</subfield>
   <subfield code="e">20210720</subfield>
   <subfield code="h">338.109598 GEE</subfield>
   <subfield code="p">00183044</subfield>
   <subfield code="q">00183044</subfield>
   <subfield code="t">LOAN</subfield>
   <subfield code="y">0</subfield>
   <subfield code="4">1</subfield>
  </datafield>
  <datafield tag="960" ind1=" " ind2=" ">
   <subfield code="a">GEORGE</subfield>
  </datafield>
  <datafield tag="960" ind1=" " ind2=" ">
   <subfield code="a">ΜΑΡΙΑ ΒΕΛ</subfield>
  </datafield>
 </record>
</collection>
